000 00838nam a2200265 i 4500
001 000026797
003 DO-SdBNP
005 20251104071850.0
008 251004s2013 dr 000 0 spa d
040 _aDO-SdBNP
_bspa
_cBNPHU
_erda
041 _aspa
082 _axxxx
_bR426l
_222
110 1 _aRepública Dominicana
_bSuperintendencia de Valores
_914843
245 1 0 _aReglamento de aplicación :
_bley de mercado de valores decreto 664-12
264 _aSanto Domingo :
_bSuperintendencia de Valores,
_c2013
300 _a295 páginas ;
_c23 cm.
336 _ardacontent
_btexto
_2txt
337 _ardamedia
_bsin mediación
_2n
338 _ardacarrier
_bvolumen
_2nc
505 2 _aFondos multiusos -- Depósito centralizado de valores
590 _aInventariado, 2025/DG
830 _93854
910 _aDG
942 _2ddc
_cLBS1
999 _c60001
_d60001